| 000 | 00421cam a2200145ua 4500 | ||
|---|---|---|---|
| 041 |
_aeng _h |
||
| 082 |
_a338.1 _bAGR/AG |
||
| 100 | _aAgrawal, . | ||
| 245 |
_aAgrain Retform and Agricultural Reconstruction :A study of Scoio economics Asperly and land use / _cAgrwal. _hTextual Documents |
||
| 260 |
_aNew Delhi : _bS.Chand & Sons , _c1963. |
||
| 300 | _a111 ; . | ||
| 504 | _a | ||
| 942 | _cBK | ||
| 999 |
_c12482 _d12482 |
||